Score 0/25 Timer 10:00
0 Plays Today
Hint Answer % Correct
The dwarves delved too greedily and too deep hereMoria
89.9%
This is the home of Elrond HalfelvenImladris
88.9%
This is Tolkien's first nameJohn
84.8%
This lord of horses is one of the MearasShadowfax
84.8%
This Nazgul fell in the Battle of the Pelennor FieldsWitch King of Angmar
79.8%
This great grandson of Thror was slain in the Battle of the Five ArmiesKili
77.8%
This elf-maiden was said to be the most beautiful of all the children of IluvatarLuthien
74.7%
A language spoken by the elvesQuenya
73.7%
This Telerin elf was one of the greatest mariners in middle earthCirdan
70.7%
The mountain where the one ring was forgedOrodruin
69.7%
This High King of the Noldor created the Silmarils, Palantiri and Tengwar scriptFeanor
68.7%
These men ride into battle on MumakilHaradrim
66.7%
This where Isildur fell, and is a popular fishing spot among the StoorsGladden Fields
65.7%
Hint Answer % Correct
This ally of Melkor devoured the two trees of ValinorUngoliant
63.6%
This Vala was responsible for all growing things in ArdaYavanna
58.6%
This Vala is the spouse of Manwe and is also known as ElberethVarda
57.6%
Not much is known about this blue wizardPallando
52.5%
This realm was ruled by Thingol and MelianDoriath
51.5%
A great peak in the misty mountains where Olorin slew Durin's BaneZirakzigil
50.5%
This man of Dorthonion received a ring for saving the life of Finrod Felagund at the Dagor BragollachBarahir
49.5%
This realm west of Moria was ruled by Galadriel and Celeborn during the second ageEregion
41.4%
This king of eagles was sent by Manwe to watch over the NoldorThorondor
41.4%
This sea is located in MordorNurnen
39.4%
This region contains both the Anduin and Greenwood the GreatRhovanion
38.4%
This man was the last king of ArthedainArvedui
37.4%
Remove Ads.
Support Sporcle.
Get the best of Sporcle when you Go Orange. This ad-free experience offers more features, more stats, and more fun while also helping to support Sporcle. Thank you for becoming a member.

You're not logged in!

Compare scores with friends on all Sporcle quizzes.
OR
Log In

Show Comments

Extras

Created Dec 17, 2014ReportNominate
Tags:Lord of the Rings Quiz

Top Quizzes Today


Score Distribution

Your Account Isn't Verified!

In order to create a playlist on Sporcle, you need to verify the email address you used during registration. Go to your Sporcle Settings to finish the process.

Report this User

Report this user for behavior that violates our Community Guidelines.

Details: